| 000 | 00000nam 2200000za 4500 |
| 001 | 9.643926 |
| 003 | CaOODSP |
| 005 | 20240926091311 |
| 007 | cr ||||||||||| |
| 008 | 150407s1889 onc|||||o f|0| 0 fre d |
| 040 | |aCaOODSP|bfre |
| 043 | |an-cn--- |
| 086 | 1 |aCP32-146/1889F-PDF |
| 245 | 00|aRapport de la Commission royale sur les relations du travail avec le capital au Canada |h[ressource électronique] / |cJames Armstrong et A.T. Freed, présidents ; Jules Helbronner, J. Alfred Clark, Michael Walsh, et G. Boivin [commissaires]. |
| 260 | |aOttawa : |bBureau du Conseil privé, |c[1889]. |
| 300 | |a75, 119 p. |
| 500 | |aPublication historique numérisée en 2012 par le Bureau du Conseil privé du Canada. |
| 590 | |a15-04-Supp|b2015-03-19 |
| 691 | 07|aAnalyse de l'industrie|2gcpds |
| 691 | 07|aCommission d'enquête|2gcpds |
| 691 | 07|aNiveau de vie|2gcpds |
| 691 | 07|aTravail|2gcpds |
| 710 | 1 |aCanada. |bBureau du Conseil privé. |
| 775 | 08|tReport of the Royal Commission on the Relations of Labor and Capital in Canada |w(CaOODSP)9.699967 |
| 856 | 40|ahttp://publications.gc.ca|qPDF|s9.24 Mo|uhttps://publications.gc.ca/collections/collection_2014/bcp-pco/CP32-146-1889-2-fra.pdf |
| 856 | 40|ahttp://publications.gc.ca|qPDF|s5.97 Mo|uhttps://publications.gc.ca/collections/collection_2014/bcp-pco/CP32-146-1889-1-fra.pdf |